| 000 | 00824nam a2200253#a 4500 | ||
|---|---|---|---|
| 001 | 02496 | ||
| 003 | HDC | ||
| 007 | ta | ||
| 008 | 230623s2023 xx 000 0 eng d | ||
| 020 |
_a9789832259039 _qpaperback. |
||
| 040 | _aHDC | ||
| 050 |
_aagro-bank HG 3300 _b.B36 |
||
| 110 | _aMalaysia.Bank Pertanian Malaysia Berhad (Agrobank) | ||
| 245 | 0 |
_aMENDEPANI CABARAN MEMACU PERUBAHAN / _cBank Pertanian Malaysia Berhad (Agrobank) |
|
| 264 |
_aKuala Lumpur : _bBank Pertanian Malaysia Berhad, _c[Year of publication not identified] |
||
| 300 |
_a47 pages. : _b color illustrations ; _c 21 cm |
||
| 650 |
_aBank Pertanian _zMalaysia |
||
| 650 | _aBanks and banking | ||
| 710 | _aMalaysia.Bank Pertanian Malaysia Berhad (Agrobank) | ||
| 942 | _2lcc | ||
| 942 | _cBK | ||
| 942 | _kagro-bank HG 3300 | ||
| 942 | _m.B36 | ||
| 999 |
_c24054 _d24054 |
||